01584nam a2200313Ia 450000500170000000800390001702000180005608200140007410000280008824501100011625000220022630000480024850000570029652003800035352100500073353400570078365000300084065000310087065000320090170000240093394200120095726400280096933600270099733700330102433800280105704000350108599900150112095201350113520220317001416.0161108s2011 sp a g 000 0 spa a978846703873604a500bD18m1 aDawkins, Richardd1941-13aLa magia de la realidadbpequeña historia de la cienciacRichard Dawkins ; ilustraciones de Dave McKean aPrimera edición a271 páginasbilustraciones a colorc23 cm aIncluye índice onomástico y analítico al final aUn científico y un maestro de la novela gráfica unidos para crear el libro de ciencia gráfico. Cada capítulo del libro se centra en preguntas que los científicos que observan el mundo, tratan de contestar: ¿Quién fue el primer hombre? ¿Qué es el Sol? ¿Por qué hay día y noche? ¿Qué es el arco iris? y ¿Cuándo empezó todo? entre otras inquietudes. aRecomendado para niños a partir de 6 años tThe magic of reality: how we know what's really true142LEMBaCiencias de la vida142LEMBaCiencias del espacio142LEMBaCiencias de la tierra1 aMcKean, Dave972447 2ddccBK aBarcelonabEspasac2011 atextobtxt2rdacontent asin mediaciónbn2rdamedia avolumenbnc2rdacarrier aCO-BoRNBPbspaerdacCO-BoRNBP c6888d6888 00102ddc40708GENaMECASARIbMECASARIcREFd2024-11-10l0o500 - D18M Ej.1pBM00327r2024-11-10 16:51:07tEj.1w2024-11-10yBK